Vista normal Vista MARC

Entrada Corporate Name

Número de registros utilizados en: 3

001 - CONTROL NUMBER

  • control field: 52852

003 - CONTROL NUMBER IDENTIFIER

  • control field: OSt

005 - DATE AND TIME OF LATEST TRANSACTION

  • control field: 20241126093739.0

008 - FIXED-LENGTH DATA ELEMENTS

  • fixed length control field: 241126|| aca||aabn | a|a d

040 ## - CATALOGING SOURCE

  • Original cataloging agency: OSt
  • Transcribing agency: OSt

110 ## - HEADING--CORPORATE NAME

  • Corporate name or jurisdiction name as entry element: Fondo Monetario Internacional y América Latina

670 ## - SOURCE DATA FOUND

  • Source citation: Work cat.: (OSt)47834: Fondo Monetario Internacional y América Latina,, Los traficantes de la pobreza









Instituto Departamental de Cultura del Meta - Red Departamental de Bibliotecas Públicas del Meta.